Normal view
MARC view
- AIRPLANES PERFORMANCE. AERODYNAMICS . FLIGHT. FLIGHT CONTROL
Entry Topical Term
001 - CONTROL NUMBER
- control field: 58730
003 - CONTROL NUMBER IDENTIFIER
- control field: NUST
005 - DATE AND TIME OF LATEST TRANSACTION
- control field: 20210628202211.0
008 - FIXED-LENGTH DATA ELEMENTS
- fixed length control field: 210628|| aca||aabn | a|a d
040 ## - CATALOGING SOURCE
- Original cataloging agency: NUST
- Transcribing agency: NUST
150 ## - HEADING--TOPICAL TERM
- Topical term or geographic name entry element: AIRPLANES PERFORMANCE. AERODYNAMICS . FLIGHT. FLIGHT CONTROL
670 ## - SOURCE DATA FOUND
- Source citation: Work cat.: (NUST): Yechout Thomas. R ,Morris, Steven. L ,Bossert, David. E 58729, Introduction to aircraft flight mechanics performance, static stability, dynamic stability, and classical feedback control, 2003
